El Filibusterismo / (Record no. 42335)
[ view plain ]
| 000 -LEADER | |
|---|---|
| fixed length control field | 00499nam a2200169 a 4500 |
| 003 - CONTROL NUMBER IDENTIFIER | |
| control field | OSt |
| 005 - DATE AND TIME OF LATEST TRANSACTION | |
| control field | 20140311163154.0 |
| 008 - FIXED-LENGTH DATA ELEMENTS--GENERAL INFORMATION | |
| fixed length control field | 110811s19uu xx 00 eng d |
| 050 ## - LIBRARY OF CONGRESS CALL NUMBER | |
| Classification number | DS 675.8 |
| Item number | .R627 2009 |
| 100 ## - MAIN ENTRY--PERSONAL NAME | |
| Personal name | Cruz, Emerlinda |
| 9 (RLIN) | 30609 |
| 245 ## - TITLE STATEMENT | |
| Title | El Filibusterismo / |
| 260 ## - PUBLICATION, DISTRIBUTION, ETC. (IMPRINT) | |
| Place of publication, distribution, etc | Quezon City, Philippines : |
| Name of publisher, distributor, etc | C&E, |
| Date of publication, distribution, etc | 2009. |
| 300 ## - PHYSICAL DESCRIPTION | |
| Extent | 456 p. : |
| Other physical details | ill. ; |
| Dimensions | 27 cm. |
| 942 ## - ADDED ENTRY ELEMENTS (KOHA) | |
| Source of classification or shelving scheme | Library of Congress Classification |
| Koha item type | |
| Withdrawn status | Lost status | Source of classification or shelving scheme | Damaged status | Home library | Current library | Shelving location | Date acquired | Total Checkouts | Full call number | Barcode | Date last seen | Date checked out | Copy number | Price effective from | Koha item type |
|---|---|---|---|---|---|---|---|---|---|---|---|---|---|---|---|
| Library of Congress Classification | Luxembourg Library | Luxembourg Library | Filipiniana Section | 02/24/2014 | 3 | DS 675.8 .R627 2009 | 19025 | 03/28/2016 | 02/05/2015 | 1 | 02/24/2014 | Books |